Ibu Dewi Sartika, champion of women's emancipation. (Record no. 89339)
[ view plain ]
| 000 -LEADER | |
|---|---|
| fixed length control field | 00661cam a2200217 4500 |
| 001 - CONTROL NUMBER | |
| control field | sa 68020288 |
| 003 - CONTROL NUMBER IDENTIFIER | |
| control field | DLC |
| 005 - DATE AND TIME OF LATEST TRANSACTION | |
| control field | 20260227112723.0 |
| 008 - FIXED-LENGTH DATA ELEMENTS--GENERAL INFORMATION | |
| fixed length control field | 731120s1967 io a 00000beng |
| 010 ## - LIBRARY OF CONGRESS CONTROL NUMBER | |
| LC control number | sa 68020288 //r88 |
| 025 ## - OVERSEAS ACQUISITION NUMBER | |
| Overseas acquisition number | PL480:Indo-8125 |
| 043 ## - GEOGRAPHIC AREA CODE | |
| Geographic area code | a-io--- |
| 050 0# - LIBRARY OF CONGRESS CALL NUMBER | |
| Classification number | HQ1752.S37 |
| Item number | I5 |
| 082 ## - DEWEY DECIMAL CLASSIFICATION NUMBER | |
| Classification number | 372.1/1/0924 |
| -- | B |
| 110 10 - MAIN ENTRY--CORPORATE NAME | |
| Corporate name or jurisdiction name as entry element | Indonesia. |
| Subordinate unit | Departemen Penerangan. |
| 245 10 - TITLE STATEMENT | |
| Title | Ibu Dewi Sartika, champion of women's emancipation. |
| 260 0# - PUBLICATION, DISTRIBUTION, ETC. | |
| Place of publication, distribution, etc. | [Djakarta] |
| Name of publisher, distributor, etc. | Dept. of Information, Republic of Indonesia |
| Date of publication, distribution, etc. | [1967?] |
| 300 ## - PHYSICAL DESCRIPTION | |
| Extent | 12 p. |
| Other physical details | illus. |
| Dimensions | 18 cm. |
| 500 ## - GENERAL NOTE | |
| General note | "Special issue, 030/67." |
| 600 10 - SUBJECT ADDED ENTRY--PERSONAL NAME | |
| Personal name | Sartika, Dewi, |
| Titles and other words associated with a name | Raden, |
| Dates associated with a name | 1884-1947. |
No items available.